[Event "TV Borken 1 - SG Turm Raesfeld/Erle 2"]
[Site "Regionalliga, Gr. 2 2022/2023"]
[Date "2022.09.24"]
[Round "2.7"]
[White "Boelker, Franz"]
[Black "Klueppel, Ralf"]
[Result "1-0"]
[WhiteElo "1810"]
[BlackElo "1767"]
[PlyCount "59"]
[EventDate "2022.??.??"]
[SourceTitle "Verband Muensterland"]
[SourceDate "2022.09.15"]
[SourceVersion "1"]
[SourceVersionDate "2022.09.15"]
[SourceQuality "1"]
[WhiteTeam "SG Turm Raesfeld/Erle 2"]
[BlackTeam "TV Borken 1"]

1. d4 Nf6 2. c4 g6 3. g3 Bg7 4. Bg2 d5 5. e3 O-O 6. cxd5 Nxd5 7. Ne2 Na6 8. Qb3
Nb6 9. Nbc3 c5 10. O-O c4 11. Qd1 Nb4 12. b3 cxb3 13. axb3 N6d5 14. Ba3 Nxc3
15. Nxc3 Nc6 16. Ne4 Rb8 17. Rc1 Re8 18. Bc5 b6 19. Ba3 Bb7 20. Nf6+ Bxf6 21.
Bxc6 Bxc6 22. Rxc6 Qd5 23. Qc2 Rb7 24. Rc1 h5 25. Rc8 Rb8 26. Rxe8+ Rxe8 27.
Qc6 Qxc6 28. Rxc6 Ra8 29. d5 Kf8 30. Rxf6 1-0

[Event "TV Borken 1 - SG Turm Raesfeld/Erle 2"]
[Site "Regionalliga, Gr. 2 2022/2023"]
[Date "2022.09.24"]
[Round "2.8"]
[White "Schmidt, Sebastian"]
[Black "Kadenbach, Wolfgang"]
[Result "0-1"]
[WhiteElo "1664"]
[BlackElo "1736"]
[PlyCount "93"]
[EventDate "2022.??.??"]
[SourceTitle "Verband Muensterland"]
[SourceDate "2022.09.15"]
[SourceVersion "1"]
[SourceVersionDate "2022.09.15"]
[SourceQuality "1"]
[WhiteTeam "TV Borken 1"]
[BlackTeam "SG Turm Raesfeld/Erle 2"]

1. e4 e5 2. Nf3 Nc6 3. Bc4 Nf6 4. d4 exd4 5. e5 d5 6. Bb5 Ne4 7. Nxd4 Bd7 8.
Nxc6 bxc6 9. Bd3 f5 10. exf6 Nxf6 11. O-O Be7 12. Bg5 O-O 13. Nc3 Rb8 14. Rb1
a5 15. a3 Bc5 16. Na4 Ba7 17. c4 Qe7 18. Qd2 Ne4 19. Bxe7 Nxd2 20. Bxf8 Rxf8
21. Rbd1 Nxf1 22. Rxf1 Bd4 23. cxd5 cxd5 24. Nc3 c6 25. Be2 Rb8 26. Nd1 Bxb2
27. Nxb2 Rxb2 28. Bh5 g6 29. Bf3 Ra2 30. h3 Rxa3 31. Rb1 h5 32. Rb7 Be8 33. Kf1
a4 34. Ke2 Ra2+ 35. Ke3 a3 36. Ra7 Ra1 37. Kf4 a2 38. g4 Bf7 39. gxh5 gxh5 40.
Ra8+ Kg7 41. Ra7 Kf6 42. Ra6 Ke7 43. Ra7+ Ke6 44. Ra6 Kd6 45. Ra7 Be6 46. Bxh5
d4 47. Be2 0-1